LEADER 01056nam a2200253 u 4500 001 000000014058 003 CaOOAMICUS 005 20140707142600.0 008 941212s1926 gw u000 u ger u 035 $a10333914 040 $aPUL(R)$bita 100 1 $aHilling, Nikolaus,$csac.,$d1871-1960.$0(OLS)http://pul/name/13088 245 14$aDie allgemeinen Normen des Codex juris canonici /$cvon Dr. Nikolaus Hilling. 260 $aFreiburg i. Br. :$bJ. Waibel,$c1926. 300 $aviii, 163 p. ;$c22 cm 500 $aInclude indici. 504 $aBibliografia in nota a pie' di pagina. 630 04$aCodex iuris canonici.$0(OLS)http://pul/subject/4039 850 $aPUL 852 $aPUL$W1$xDP2 Diritto Canonico 1$y64$m150 A 11bis$j19763$nBK-PRI$qStampati$B19763$CPULBib$Z2$F19763 $H5686 $82 941 1 $a8 960 $aCodice di diritto canonico$94039 996 $6245$aDie allgemeinen Normen des Codex juris canonici$9(OLS)http://pul/title/20237 996 $6260$aFreiburg i. Br. :$bJ. Waibel$9(OLS)http://pul/publisher/54244 LEADER 01401naa a2200313 a 4500 001 000000134961 003 CaOOAMICUS 005 20130716132017.0 008 130716s2005 it u000 u ita r 020 $a88-14-12335-7 040 $aPUL$bita 082 04$a346.01 245 00$aTrenta anni dalla riforma del diritto di famiglia /$ca cura di Giampaolo Frezza ; contributi di Angelo Falzea ... [et al.]. 260 $aMilano :$bGiuffrè,$c2005. 300 $aXI, 172 p. ;$c24 cm. 490 1 $aIl diritto di famiglia e delle persone.$aStudi ;$v18 504 $aInclude indice e bibliografia in nota. 650 4$aDiritto di famiglia$zItalia.$0(OLS)http://pul/subject/38585 700 1 $aFalzea, Angelo.$0(OLS)http://pul/name/28001 700 1 $aFrezza, Giampaolo.$0(OLS)http://pul/name/86940 830 3$aIl diritto di famiglia e delle persone.$pStudi ;$v18.$0(OLS)http://pul/title/53078 850 $aPUL 852 $aPUL$W1$xSL Diritto e Scienze Sociali 3$y79$m346. 01 FREGI 1$j155322$qDDC 21$B154870$CPULBib$Z2$F154870 $H122747 $82 941 1 $a9 996 $6020$a88-14-12335-7$9(OLS)http://pul/number/153317 996 $6082$a346.01$9(OLS)http://pul/classification/2018 996 $6245$aTrenta anni dalla riforma del diritto di famiglia$9(OLS)http://pul/title/170687 996 $6260$aMilano :$bGiuffrè$9(OLS)http://pul/publisher/48401